000 00554nam a2200217 a 4500
001 BS0001961
003 BR-BrBNA
005 20231002161916.0
008 230308b |||||||| |||| 00| 0 por d
040 _aBR-BrBNA
_bpor
_cBiblioteca Nacional de Agricultura
041 _apor
072 _aS86
090 _aS86
_bBS0001961
100 1 _aNovaes, Carlos Eduardo.
245 1 _aO Quiabo comunista /
250 1 _a11 ed.
260 3 _aRio de Janeiro, RJ:
_bNórdica,
_c1977.
300 _a190 p.
650 _aLITERATURA BRASILEIRA
942 _cBK
_2AGRIS
999 _c6984
_d6984